Theory of incomplete markets / (Record no. 5840)
[ view plain ]
| 000 -LEADER | |
|---|---|
| fixed length control field | 00603pam a2200205 a 4500 |
| 001 - CONTROL NUMBER | |
| control field | 2088020 |
| 005 - DATE AND TIME OF LATEST TRANSACTION | |
| control field | 20250519103528.0 |
| 008 - FIXED-LENGTH DATA ELEMENTS--GENERAL INFORMATION | |
| fixed length control field | 951027m19969999maua b 001 0 eng |
| 020 ## - INTERNATIONAL STANDARD BOOK NUMBER | |
| International Standard Book Number | 0262133245 (hc : alk. paper) |
| 050 00 - LIBRARY OF CONGRESS CALL NUMBER | |
| Classification number | HB145 |
| Item number | .M34 1996 |
| 082 00 - DEWEY DECIMAL CLASSIFICATION NUMBER | |
| Classification number | 339.5 |
| Edition information | 20 |
| 100 1# - MAIN ENTRY--PERSONAL NAME | |
| Personal name | Magill, Michael. |
| 245 10 - TITLE STATEMENT | |
| Title | Theory of incomplete markets / |
| Statement of responsibility, etc. | Michael Magill, Martine Quinzii. |
| 260 ## - PUBLICATION, DISTRIBUTION, ETC. | |
| Place of publication, distribution, etc. | Cambridge, Mass. : |
| Name of publisher, distributor, etc. | MIT Press, |
| Date of publication, distribution, etc. | c1996- |
| 300 ## - PHYSICAL DESCRIPTION | |
| Extent | v. <1 > : |
| Other physical details | ill. ; |
| Dimensions | 26 cm. |
| 650 #0 - SUBJECT ADDED ENTRY--TOPICAL TERM | |
| Topical term or geographic name entry element | Equilibrium (Economics) |
| 650 #0 - SUBJECT ADDED ENTRY--TOPICAL TERM | |
| Topical term or geographic name entry element | Uncertainty. |
| 700 1# - ADDED ENTRY--PERSONAL NAME | |
| Personal name | Quinzii, Martine. |
| 942 ## - ADDED ENTRY ELEMENTS (KOHA) | |
| Source of classification or shelving scheme | Library of Congress Classification |
| Koha item type | Books |
| Suppress in OPAC | No |
| 999 ## - | |
| -- | 5840 |
| -- | 5840 |
| Withdrawn status | Lost status | Source of classification or shelving scheme | Damaged status | Not for loan | Collection | Home library | Current library | Shelving location | Date acquired | Total checkouts | Full call number | Barcode | Date last seen | Copy number | Price effective from | Koha item type |
|---|---|---|---|---|---|---|---|---|---|---|---|---|---|---|---|---|
| Library of Congress Classification | Non-fiction | Undergraduate Library (Christ Temple) | Undergraduate Library (Christ Temple) | General stacks | 05/19/2025 | HB145 MAG | ulct00002483 | 05/19/2025 | 1 | 05/19/2025 | Books |